000 00772nam a2200217 i 4500
001 62272
003 ES-MaACL
005 20230906164635.0
007 t|
008 031119s1952 sp ||||1| spa d
100 1 _aFernández, Alonso.
_949333
245 1 0 _aHistoria y anales de la ciudad y obispado de Plasencia /
_cpor Alonso Fernández.
260 _aCáceres :
_bDepartamento Provincial de Seminarios de F.E.T. y de las J.O.N.S.,
_c1952 (
_fEl Noticiero)
300 _aXIX, 578 p. :
_bmap. ;
_c21 cm.
490 1 _aBiblioteca Extremeña ;
_v5
651 4 _aPlasencia-
_xHistoria.
_99237
651 4 _aPlasencia-
_xHistoria eclesiástica.
_9157569
830 0 _aBiblioteca Extremeña ;
_v5
_9181591
852 _aES-MaACL
_jC-6791
_bR.34520
999 _c62272
_d62272